La estrategia fiscal y el fideicomiso / (Registro nro. 8048)
[ vista simple ]
| 000 -LEADER | |
|---|---|
| fixed length control field | 01819nam a2200265Ia 4500 |
| 003 - CONTROL NUMBER IDENTIFIER | |
| control field | OSt |
| 005 - DATE AND TIME OF LATEST TRANSACTION | |
| control field | 20210706150648.0 |
| 008 - FIXED-LENGTH DATA ELEMENTS--GENERAL INFORMATION | |
| fixed length control field | 210310s2014 mx gr 000 0 spa d |
| 020 ## - INTERNATIONAL STANDARD BOOK NUMBER | |
| International Standard Book Number | 9786078384235 |
| 040 ## - CATALOGING SOURCE | |
| Original cataloging agency | CO-JMCR |
| Transcribing agency | CO-JMCR |
| 041 0# - LANGUAGE CODE | |
| Language code of text/sound track or separate title | spa |
| 082 04 - DEWEY DECIMAL CLASSIFICATION NUMBER | |
| Classification number | 332.63247 / |
| Item number | S669e |
| Edition number | 23 |
| 100 1# - MAIN ENTRY--PERSONAL NAME | |
| Personal name | Sánchez Vega, Alejandro, |
| 9 (RLIN) | 16185 |
| Relator term | autor |
| 245 13 - TITLE STATEMENT | |
| Title | La estrategia fiscal y el fideicomiso / |
| Statement of responsibility, etc. | Alejandro Sánchez Vega |
| 250 ## - EDITION STATEMENT | |
| Edition statement | 1° Edición |
| 260 ## - PUBLICATION, DISTRIBUTION, ETC. | |
| Place of publication, distribution, etc. | México : |
| Name of publisher, distributor, etc. | Instituto Mexicano de Contadores Públicos, |
| Date of publication, distribution, etc. | 2014 |
| 300 ## - PHYSICAL DESCRIPTION | |
| Extent | 157 páginas ; |
| Dimensions | 22 cm. |
| 500 ## - GENERAL NOTE | |
| General note | Incluye notas a pie de página. |
| 504 ## - BIBLIOGRAPHY, ETC. NOTE | |
| Bibliography, etc. note | Bibliografía: páginas 155-157 |
| 505 0# - FORMATTED CONTENTS NOTE | |
| Formatted contents note | Conceptos jurídicos fundamentales -- Requisitos jurídicos en la estrategia fiscal -- Efectos de los contratos -- Aspectos fiscales del fideicomiso -- Caso práctico -- Conclusiones y propuestas |
| 520 3# - SUMMARY, ETC. | |
| Summary, etc. | La carga tributaria representa un alto costo para los contribuyentes, por ello es importante conocer, en forma previa, el mejor escenario fiscal de conformidad con las disposiciones legales. Esto lleva a investigar cuál es la estrategia fiscal más adecuada, es decir, aquella que ofrece las mejores oportunidades económicas dentro del marco legal. Los contratos de fideicomiso son una valiosa herramienta para demostrar o soportar las operaciones realizadas por los diversos contribuyentes. Para lograrlo es indispensable conocer los requisitos legales y fiscales de los contrato, adecuar su contenido, cumplir con todas las formalidades, de acuerdo con cada tipo de contrato de fideicomiso, para que sus efectos sean reconocidos por parte de las autoridades fiscales y por los tribunales, en caso de controversia. |
| 650 14 - SUBJECT ADDED ENTRY--TOPICAL TERM | |
| Topical term or geographic name entry element | Derecho fiscal |
| 9 (RLIN) | 16187 |
| 650 24 - SUBJECT ADDED ENTRY--TOPICAL TERM | |
| Topical term or geographic name entry element | Impuesto |
| General subdivision | Leyes y legislación |
| 9 (RLIN) | 38391 |
| 942 ## - ADDED ENTRY ELEMENTS (KOHA) | |
| Source of classification or shelving scheme | Dewey Decimal Classification |
| Koha item type | Books |
| Withdrawn status | Lost status | Source of classification or shelving scheme | Damaged status | Not for loan | Collection code | Home library | Current library | Date acquired | Source of acquisition | Full call number | Barcode | Date last seen | Copy number | Koha item type |
|---|---|---|---|---|---|---|---|---|---|---|---|---|---|---|
| Dewey Decimal Classification | Non-fiction | Biblioteca Pública José María del Castillo y Rada | Biblioteca Pública José María del Castillo y Rada | 04/15/2018 | Donación | 332.63247 / S669e | 430000304 | 05/16/2024 | Ej.1 | Books |